Cross-border cooperation and alliances (the example of the Kysuce region)

Kysucký región, ČR, Poľsko a vzájomná spolupráca v rôznych oblastiach podnikania. Kooperácia formou partnerských miest. Cezhraničná spolupráca na príklade mesta Čadca.

Guardado en:
Detalles Bibliográficos
Autor principal: Hlušková, Tatiana, 1987-
Formato: Capítulo de libro
Lenguaje:inglés
Materias:
Etiquetas: Agregar Etiqueta
Sin Etiquetas, Sea el primero en etiquetar este registro!

MARC

LEADER 00000nla a2200000 4500
001 0180615
005 20240710080206.8
041 0 |a eng 
044 |a SK 
245 1 0 |a Cross-border cooperation and alliances (the example of the Kysuce region)  |c Tatiana Hlušková 
520 |a Kysucký región, ČR, Poľsko a vzájomná spolupráca v rôznych oblastiach podnikania. Kooperácia formou partnerských miest. Cezhraničná spolupráca na príklade mesta Čadca. 
610 2 0 |a kooperácia hospodárska medzinárodná 
610 2 0 |a spolupráca cezhraničná 
610 2 0 |a spolupráca regionálna 
610 2 0 |a Slovensko 
610 2 0 |a mestá 
610 2 0 |a regióny 
100 1 |a Hlušková, Tatiana, 1987-